000 00848nam a22002537a 4500
005 20170123162334.0
010 _aA-518601
020 _c15.00
_a8172012241
035 _aA-518601
037 _bCen Lib/Ret
040 _aDPL
_bUR
082 _a841.08
_bج م ی
100 _aمظہر امام
_9123422
245 _aجمیل مظہری /
_cمظہر امام
246 _aJameel mazhari /
_bby Mazhar Imam
260 _aنیی دہلی
_bساہتیہ اکادمی
_c1992
270 _bنیی دہلی
_aرویندرا بھوں ٣٥ فیروز شاہ مارگ
_e110001
300 _a96p.
_c21cm(Hb)
650 _aادب -- اردو
_9123423
650 _aاردوسوانے عمری
_9108678
650 _aLiterature --Urdu
_9123424
650 _aUrdu biography
_9511
942 _2ddc
_cUR
_h841.08
_mج م ی
999 _c108038
_d108038